Artistes américains les plus écoutés sur Spotify - Statistiques

Statistiques générales
  • Ce quiz a été pris 305 fois
    239 depuis la dernière actualisation
  • Le résultat moyen est 5 sur 20
Statistiques - réponses
Nb d'auditeurs/mois Artiste N° dans
le monde
% Correct
101 140 000 Taylor Swift 2
79%
64 490 000 Ariana Grande 16
57%
68 010 000 Billie Eilish 11
42%
62 910 000 Eminem 18
39%
60 950 000 Travis Scott 19
38%
55 300 000 Lady Gaga 30
35%
65 170 000 Bruno Mars 14
34%
57 860 000 Kanye West 24
31%
52 860 000 Katy Perry 35
25%
53 010 000 Nicki Minaj 34
24%
58 680 000 Olivia Rodrigo 22
24%
82 820 000 Bad Bunny 4
19%
74 300 000 Doja Cat 7
16%
62 930 000 Miley Cyrus 17
14%
56 970 000 Lana Del Rey 27
13%
68 320 000 SZA 10
13%
59 730 000 Post Malone 21
10%
57 280 000 Maroon 5 26
9%
57 560 000 Imagine Dragons 25
8%
53 070 000 Marshmello 33
2%
Aucun quiz correspondant
Distribution des résultats
% des personnes avec chaque résultat
Percentile par nombre de réponses
Votre historique - résultats
Vous n’avez pas pris ce quiz depuis la dernière actualisation